[Event "RUS-chT Blitz"]
[Site "Sochi"]
[Date "2021.10.14"]
[Round "4.5"]
[White "Kryakvin, Dmitry"]
[Black "Gavrilov, Oleg"]
[Result "1/2-1/2"]
[WhiteElo "2570"]
[BlackElo "2356"]
[PlyCount "116"]
[EventDate "2021.10.14"]
[EventType "team-swiss (blitz)"]
[EventRounds "13"]
[EventCountry "RUS"]
[SourceTitle "CBM 204 Extra"]
[Source "ChessBase"]
[SourceDate "2021.11.30"]
[SourceVersion "1"]
[SourceVersionDate "2021.11.30"]
[SourceQuality "1"]
[WhiteTeam "Krasnodar Kuban"]
[BlackTeam "St Petersburg SShOR II"]
[WhiteTeamCountry "RUS"]
[BlackTeamCountry "RUS"]

1. Nf3 d5 2. e3 Nf6 3. c4 c6 4. Nc3 Bg4 5. cxd5 cxd5 6. Qb3 Bc8 7. d4 e6 8. Bd2 Nc6 9. Bb5 Bd6 10. Ne5 Bxe5 11. dxe5 Nd7 12. f4 0-0 13. 0-0 a6 14. Bxc6 bxc6 15. Na4 c5 16. Qc2 c4 17. b3 Bb7 18. Bb4 Re8 19. Bd6 Rc8 20. b4 Nf6 21. Nc5 Ba8 22. Qc3 Ne4 23. Nxe4 dxe4 24. f5 exf5 25. Rxf5 Bd5 26. Raf1 Qb6 27. Bc5 Qc6 28. Bd4 Be6 29. R5f4 Qa4 30. a3 Ra8 31. Rxe4 a5 32. Bc5 axb4 33. Bxb4 Qb3 34. Rc1 Red8 35. Rd4 Rxd4 36. exd4 Bd5 37. h3 h6 38. Qxb3 cxb3 39. Rb1 Rc8 40. Bc5 Ra8 41. Kf2 Ra4 42. Ke3 Kh7 43. g3 Rc4 44. Rxb3 Rxc5 45. dxc5 Bxb3 46. Kd4 Kg6 47. c6 Kf5 48. c7 Be6 49. a4 Bc8 50. Kd5 f6 51. exf6 Kxf6 52. h4 g5 53. Kd6 gxh4 54. gxh4 h5 55. a5 Kf7 56. Kc6 Ke6 57. Kb6 Kd6 58. a6 Bxa6 1/2-1/2

[Event "RUS-ch Blitz"]
[Site "Sochi"]
[Date "2021.10.11"]
[Round "7"]
[White "Gavrilov, Oleg"]
[Black "Zubritskiy, Artyom"]
[Result "1/2-1/2"]
[WhiteElo "2356"]
[BlackElo "2442"]
[PlyCount "43"]
[EventDate "2021.10.11"]
[EventType "swiss (blitz)"]
[EventRounds "13"]
[EventCountry "RUS"]
[SourceTitle "CBM 204 Extra"]
[Source "ChessBase"]
[SourceDate "2021.11.30"]
[SourceVersion "1"]
[SourceVersionDate "2021.11.30"]
[SourceQuality "1"]

1. c4 b6 2. Nc3 Bb7 3. e4 e6 4. g3 f5 5. Bg2 Nf6 6. Qc2 Bb4 7. Nge2 0-0 8. 0-0 Bxc3 9. Nxc3 fxe4 10. Nxe4 Bxe4 11. Bxe4 Nxe4 12. Qxe4 Nc6 13. d4 Qf6 14. Be3 Qf5 15. Qxf5 Rxf5 16. f4 Raf8 17. b3 Ne7 18. Rac1 R5f7 19. Rfe1 g6 20. Kg2 Nf5 21. Bg1 Ne7 22. Re3 1/2-1/2

[Event "RUS-ch Blitz"]
[Site "Sochi"]
[Date "2021.10.11"]
[Round "4"]
[White "Timofeev, Artyom"]
[Black "Gavrilov, Oleg"]
[Result "1-0"]
[WhiteElo "2586"]
[BlackElo "2356"]
[PlyCount "183"]
[EventDate "2021.10.11"]
[EventType "swiss (blitz)"]
[EventRounds "13"]
[EventCountry "RUS"]
[SourceTitle "CBM 204 Extra"]
[Source "ChessBase"]
[SourceDate "2021.11.30"]
[SourceVersion "1"]
[SourceVersionDate "2021.11.30"]
[SourceQuality "1"]

1. c4 c6 2. Nf3 d5 3. b3 Nf6 4. Bb2 Bf5 5. Bxf6 gxf6 6. e3 e6 7. Nc3 Bd6 8. Be2 Nd7 9. 0-0 Bg4 10. Rc1 a6 11. cxd5 cxd5 12. Nd4 Bxe2 13. Ncxe2 0-0 14. Nf4 f5 15. Qh5 Qf6 16. Nfe2 Rac8 17. a4 Ba3 18. Rxc8 Rxc8 19. h3 Ne5 20. Rb1 Bb4 21. Rd1 Ng6 22. Qf3 Qe5 23. d3 Rc7 24. g3 Bd6 25. Nf4 Rc3 26. Nfe2 Rc7 27. h4 Qf6 28. Kg2 Ne5 29. Qh5 Qg6 30. Qxg6+ hxg6 31. Nf3 Rc2 32. Ned4 Rc3 33. Nxe5 Bxe5 34. Nf3 Bf6 35. b4 Be7 36. b5 axb5 37. axb5 Bf6 38. d4 Rb3 39. Rc1 Rxb5 40. Rc8+ Kg7 41. Rc7 Rb2 42. Ne1 Rb3 43. Kf3 b5 44. Rb7 g5 45. hxg5 Bxg5 46. Ke2 Rb2+ 47. Kf3 Rb3 48. Ke2 Rb2+ 49. Kf3 Bf6 50. Nd3 Rb3 51. Nc5 Rb1 52. Nxe6+ Kg8 53. Nc7 Bg5 54. Rxb5 Rxb5 55. Nxb5 Kf8 56. Nc7 Ke7 57. Nxd5+ Kd6 58. Nc3 Ke6 59. Ke2 Bd8 60. Kd3 Ba5 61. f3 Bb4 62. Ne2 Be1 63. e4 fxe4+ 64. fxe4 Kd6 65. Ke3 Ke6 66. Kf3 Kf6 67. Nf4 Kg5 68. d5 Kf6 69. Nd3 Bc3 70. Kf4 Bd2+ 71. Kf3 Bc3 72. g4 Ke7 73. e5 Bd4 74. Ke4 Bc3 75. Kf5 Bd4 76. Nf4 Bc3 77. d6+ Kd7 78. Kf6 Ke8 79. Nd5 Bd4 80. Nc7+ Kd7 81. Nb5 Bb2 82. Nc7 Bc3 83. Nd5 Bb2 84. Ne3 Ke8 85. Nf5 Ba1 86. g5 Bb2 87. Nh4 Bc3 88. Nf3 Bb2 89. g6 fxg6 90. Ke6 Bc3 91. Ng5 Ba5 92. Nf7 1-0

[Event "St Petersburg Amir Cup Blitz"]
[Site "St Petersburg"]
[Date "2021.05.23"]
[Round "8"]
[White "Bodnaruk, Anastasia"]
[Black "Gavrilov, Oleg"]
[Result "1-0"]
[WhiteElo "2457"]
[BlackElo "2356"]
[PlyCount "167"]
[EventDate "2021.05.23"]
[EventType "swiss (blitz)"]
[EventRounds "11"]
[EventCountry "RUS"]
[SourceTitle "CBM 202 Extra"]
[Source "ChessBase"]
[SourceDate "2021.07.31"]
[SourceVersion "1"]
[SourceVersionDate "2021.07.31"]
[SourceQuality "1"]

1. e4 e6 2. d4 d5 3. e5 b6 4. Nf3 Ne7 5. Bd3 Ba6 6. Bxa6 Nxa6 7. 0-0 Qd7 8. c3 c5 9. a4 Nc6 10. Re1 h6 11. Na3 Na5 12. Nb5 Nc7 13. Nd6+ Bxd6 14. exd6 Qxd6 15. Ne5 c4 16. Qg4 g5 17. Be3 Nc6 18. f4 Nxe5 19. fxe5 Qd7 20. Rf1 0-0-0 21. a5 b5 22. Qh5 Rdf8 23. Rf6 Ne8 24. Rxh6 Rhg8 25. Rh7 Ng7 26. Qxg5 Nf5 27. Qf4 Rg6 28. g3 Rfg8 29. Bd2 Qe7 30. Qf2 Rg4 31. a6 Kc7 32. Rf1 Kc6 33. Be1 Re4 34. Bd2 Kb6 35. Qg2 Kxa6 36. Qh3 Reg4 37. Qh5 R8g6 38. Rxf5 exf5 39. Qxf5 Rg7 40. Rh8 Qe6 41. Qxe6+ fxe6 42. Re8 R7g6 43. Kf2 Kb6 44. Bf4 a5 45. h3 Rxf4+ 46. gxf4 b4 47. cxb4 axb4 48. Rb8+ Ka5 49. Kf3 Ka4 50. f5 exf5 51. Kf4 Kb3 52. Kxf5 Rh6 53. e6 Rxh3 54. Ke5 Kxb2 55. Rxb4+ Kc3 56. Rb1 Rh5+ 57. Kd6 Kxd4 58. Rd1+ Kc3 59. e7 Rh6+ 60. Kxd5 Rh5+ 61. Kd6 Rh6+ 62. Ke5 Rh5+ 63. Kf6 Rh6+ 64. Kf5 Rh5+ 65. Kf4 Rh4+ 66. Ke5 Rh5+ 67. Kd6 Rh6+ 68. Kc5 Rh5+ 69. Rd5 Rh8 70. Rd8 Rh5+ 71. Kd6 Rh6+ 72. Kd5 Rh5+ 73. Ke4 Rh4+ 74. Kf3 Rh3+ 75. Kf4 Rh4+ 76. Kf3 Rh3+ 77. Ke4 Rh4+ 78. Kd5 Rh5+ 79. Kc6 Rh6+ 80. Kb5 Rh5+ 81. Ka4 Re5 82. e8Q Rxe8 83. Rxe8 Kb2 84. Rb8+ 1-0

[Event "St Petersburg Amir Cup Blitz"]
[Site "St Petersburg"]
[Date "2021.05.23"]
[Round "10"]
[White "Gavrilov, Oleg"]
[Black "Lobanov, Sergei"]
[Result "0-1"]
[WhiteElo "2356"]
[BlackElo "2515"]
[PlyCount "178"]
[EventDate "2021.05.23"]
[EventType "swiss (blitz)"]
[EventRounds "11"]
[EventCountry "RUS"]
[SourceTitle "CBM 202 Extra"]
[Source "ChessBase"]
[SourceDate "2021.07.31"]
[SourceVersion "1"]
[SourceVersionDate "2021.07.31"]
[SourceQuality "1"]

1. d4 Nf6 2. Bf4 d5 3. e3 c5 4. c3 Nc6 5. Nd2 e6 6. Ngf3 Be7 7. Ne5 Nxe5 8. Bxe5 0-0 9. Be2 Bd7 10. 0-0 Bc6 11. Bf3 Rc8 12. Re1 Re8 13. Rc1 Nd7 14. Bg3 Bf6 15. Nb3 c4 16. Nd2 e5 17. dxe5 Nxe5 18. Be2 Qa5 19. Ra1 Ba4 20. Qb1 Re7 21. Nf3 Nxf3+ 22. Bxf3 Rce8 23. Rf1 g6 24. Qc1 Rd8 25. Qd2 d4 26. exd4 Rxd4 27. Qc1 Bg5 28. Qb1 Rd2 29. b3 Bd7 30. bxc4 Bc6 31. Bxc6 bxc6 32. Qb4 Qxb4 33. cxb4 Re4 34. b5 Rxc4 35. bxc6 Rxc6 36. Rfd1 Rcc2 37. Rxd2 Rxd2 38. a4 Bf6 39. Rb1 Ra2 40. Bf4 Kg7 41. g3 Bd4 42. Rb4 Bxf2+ 43. Kh1 Bb6 44. Rc4 f6 45. Bc7 g5 46. Bxb6 axb6 47. Rb4 Kg6 48. Kg1 h5 49. Rxb6 Rxa4 50. Rb2 Kf5 51. Rf2+ Ke5 52. Kg2 Ra6 53. Re2+ Kf5 54. Rf2+ Ke4 55. Re2+ Kf5 56. Rf2+ Kg6 57. Rc2 Ra5 58. Kf3 Kf5 59. Kg2 Ra4 60. Rf2+ Ke5 61. Re2+ Re4 62. Ra2 h4 63. gxh4 Rxh4 64. Kg3 Rd4 65. Re2+ Kf5 66. Rf2+ Kg6 67. h3 Rd3+ 68. Kg2 f5 69. Ra2 f4 70. Ra8 Rd2+ 71. Kg1 Kf5 72. Ra5+ Kg6 73. Ra8 Re2 74. Rb8 Kf5 75. Rb5+ Re5 76. Rb8 Ra5 77. Kg2 Ra2+ 78. Kg1 Ke4 79. Rb5 Ra1+ 80. Kf2 Ra2+ 81. Kg1 Ra1+ 82. Kf2 Ra2+ 83. Kg1 Ke3 84. Rxg5 Ra1+ 85. Kh2 f3 86. Re5+ Kf4 87. Re8 f2 88. Rf8+ Ke3 89. Re8+ Kd4 0-1

[Event "St Petersburg Amir Cup Blitz"]
[Site "St Petersburg"]
[Date "2021.05.23"]
[Round "4"]
[White "Sokolov, Ilia"]
[Black "Gavrilov, Oleg"]
[Result "0-1"]
[WhiteElo "1928"]
[BlackElo "2356"]
[PlyCount "72"]
[EventDate "2021.05.23"]
[EventType "swiss (blitz)"]
[EventRounds "11"]
[EventCountry "RUS"]
[SourceTitle "CBM 202 Extra"]
[Source "ChessBase"]
[SourceDate "2021.07.31"]
[SourceVersion "1"]
[SourceVersionDate "2021.07.31"]
[SourceQuality "1"]

1. Nf3 d5 2. g3 Nf6 3. Bg2 Bf5 4. 0-0 e6 5. d3 Be7 6. c4 c6 7. Nc3 0-0 8. Be3 dxc4 9. dxc4 Nbd7 10. Nh4 Bg6 11. Nxg6 hxg6 12. Bg5 Qc7 13. Rb1 a5 14. Qc2 Rfd8 15. Rfd1 Nc5 16. Na4 Nxa4 17. Qxa4 Qe5 18. Bxf6 gxf6 19. e3 f5 20. Qb3 Qc7 21. Qc3 Bf8 22. Qf6 Bg7 23. Qg5 Rxd1+ 24. Rxd1 Bxb2 25. h4 Bg7 26. h5 gxh5 27. Bf3 Kf8 28. Bxh5 b5 29. c5 b4 30. Qh4 Qe7 31. Rd6 Qxh4 32. gxh4 Rc8 33. Bf3 a4 34. Rxc6 Rxc6 35. Bxc6 b3 36. axb3 a3 0-1

[Event "St Petersburg White Nights op"]
[Site "St Petersburg"]
[Date "2012.06.09"]
[Round "8"]
[White "Gavrilov, Oleg"]
[Black "Ljubarov, Mark"]
[Result "1-0"]
[WhiteElo "2349"]
[BlackElo "2135"]
[PlyCount "89"]
[EventDate "2012.06.02"]
[EventType "swiss"]
[EventRounds "9"]
[EventCountry "RUS"]
[SourceTitle "CBM 148 Extra"]
[Source "ChessBase"]
[SourceDate "2012.06.22"]
[SourceVersion "1"]
[SourceVersionDate "2012.06.22"]
[SourceQuality "1"]

1. c4 Nf6 2. Nc3 g6 3. g3 Bg7 4. Bg2 0-0 5. e4 d6 6. Nge2 c5 7. 0-0 Nc6 8. d3 Bd7 9. a3 Ne8 10. Rb1 Nc7 11. b4 Rb8 12. b5 Nd4 13. Nxd4 Bxd4 14. Ne2 Bg7 15. Bb2 Bxb2 16. Rxb2 e5 17. f4 Bg4 18. Bf3 Bxf3 19. Rxf3 f5 20. exf5 gxf5 21. Qf1 Ne6 22. Nc3 Qa5 23. Nd5 Qxa3 24. Qb1 Nd4 25. Re3 Kf7 26. fxe5 dxe5 27. Ra2 Qb3 28. Qxb3 Nxb3 29. Rxe5 Nd4 30. Re7+ Kg8 31. Rxa7 Rf7 32. Kf2 Rxe7 33. Nxe7+ Kf8 34. Nd5 Re8 35. Rxb7 Re2+ 36. Kf1 Rxh2 37. b6 Nf3 38. Re7 Rd2 39. Re2 Rxe2 40. Kxe2 Nd4+ 41. Ke3 Kf7 42. b7 Nc6 43. Kf4 Ke6 44. Nc7+ Kd6 45. Na6 1-0

[Event "St Petersburg White Nights op"]
[Site "St Petersburg"]
[Date "2012.06.02"]
[Round "1"]
[White "Egorov, Daniil"]
[Black "Gavrilov, Oleg"]
[Result "0-1"]
[WhiteElo "1838"]
[BlackElo "2349"]
[PlyCount "105"]
[EventDate "2012.06.02"]
[EventType "swiss"]
[EventRounds "9"]
[EventCountry "RUS"]
[SourceTitle "CBM 148 Extra"]
[Source "ChessBase"]
[SourceDate "2012.06.22"]
[SourceVersion "1"]
[SourceVersionDate "2012.06.22"]
[SourceQuality "1"]

1. e4 e6 2. d4 d5 3. exd5 exd5 4. Nf3 Bd6 5. c4 c6 6. Nc3 Ne7 7. cxd5 Nxd5 8. Nxd5 cxd5 9. Bb5+ Bd7 10. Qe2+ Qe7 11. Qxe7+ Kxe7 12. Bxd7 Kxd7 13. 0-0 Nc6 14. Bg5 Rhe8 15. Rfe1 f6 16. Bh4 g5 17. Bg3 g4 18. Bxd6 gxf3 19. Bg3 Re2 20. gxf3 Rae8 21. Rxe2 Rxe2 22. Bh4 f5 23. Bf6 Rxb2 24. a3 Rd2 25. Re1 b5 26. Kf1 a5 27. Re2 Rd3 28. Re3 Rxe3 29. fxe3 b4 30. axb4 a4 31. Bh4 Nxb4 32. Ke2 a3 33. Be1 a2 34. Bc3 Nc2 35. Kd2 a1Q 36. Bxa1 Nxa1 37. Kc3 Kc6 38. Kb2 Kb5 39. Kc3 Ka4 40. e4 dxe4 41. fxe4 fxe4 42. d5 Nb3 43. d6 Nc5 44. Kd4 Kb5 45. d7 Nxd7 46. Kxe4 Kc6 47. Kf5 Kd6 48. Kg5 Ke6 49. Kh6 Nf6 50. h4 Kf5 51. h5 Kg4 52. Kg7 Kxh5 53. Kxf6 0-1

[Event "St Petersburg White Nights op"]
[Site "St Petersburg"]
[Date "2009.06.16"]
[Round "8"]
[White "Maevsky, Nikolay"]
[Black "Gavrilov, Oleg"]
[Result "1/2-1/2"]
[WhiteElo "2248"]
[BlackElo "2361"]
[PlyCount "63"]
[EventDate "2009.06.09"]
[EventType "swiss"]
[EventRounds "9"]
[EventCountry "RUS"]
[SourceTitle "EXT 2011"]
[Source "ChessBase"]
[SourceDate "2010.11.26"]
[SourceVersion "1"]
[SourceVersionDate "2010.11.26"]
[SourceQuality "1"]

1. d4 d5 2. c4 c6 3. Nc3 Nf6 4. e3 g6 5. Nf3 Bg7 6. h3 0-0 7. Be2 b6 8. 0-0 Bb7 9. Qb3 Nbd7 10. cxd5 cxd5 11. Bd2 Ne4 12. Nxd5 Nxd2 13. Nxd2 e5 14. Nf3 exd4 15. exd4 Nc5 16. Nf6+ Qxf6 17. dxc5 Qxb2 18. Qxb2 Bxb2 19. Rab1 Bg7 20. cxb6 axb6 21. Rxb6 Bd5 22. Ra6 Rxa6 23. Bxa6 Ra8 24. Bb5 Bxa2 25. Re1 Ra5 26. Bc6 Rc5 27. Be4 Bf6 28. g3 Kg7 29. Kg2 Ra5 30. Rd1 Bb3 31. Rd2 Ra1 32. Bd5 1/2-1/2

[Event "St Petersburg White Nights op"]
[Site "St Petersburg"]
[Date "2009.06.11"]
[Round "3"]
[White "Gavrilov, Oleg"]
[Black "Sinajskij, Anatolij"]
[Result "1-0"]
[WhiteElo "2361"]
[BlackElo "2100"]
[PlyCount "69"]
[EventDate "2009.06.09"]
[EventType "swiss"]
[EventRounds "9"]
[EventCountry "RUS"]
[SourceTitle "EXT 2011"]
[Source "ChessBase"]
[SourceDate "2010.11.26"]
[SourceVersion "1"]
[SourceVersionDate "2010.11.26"]
[SourceQuality "1"]

1. d4 g6 2. c4 Bg7 3. Nc3 Nf6 4. e4 d6 5. f3 0-0 6. Be3 Nc6 7. Qd2 a6 8. Nge2 Rb8 9. Nc1 e5 10. d5 Nd4 11. N1e2 c5 12. dxc6 bxc6 13. Nxd4 exd4 14. Bxd4 d5 15. cxd5 cxd5 16. e5 Nd7 17. f4 f6 18. e6 Re8 19. Be2 Rxe6 20. 0-0 Nf8 21. Bf3 Rd6 22. Ba7 Rb7 23. Bc5 Rdd7 24. Bxd5+ Kh8 25. Rfe1 Rb5 26. b4 Bb7 27. Rad1 Rxc5 28. bxc5 g5 29. Qc1 Bxd5 30. Nxd5 Rxd5 31. Rxd5 Qxd5 32. c6 Qd8 33. c7 Qc8 34. Qc6 Nd7 35. Rd1 1-0

[Event "St Petersburg White Nights op"]
[Site "St Petersburg"]
[Date "2009.06.10"]
[Round "2"]
[White "Smirnov, Artyom"]
[Black "Gavrilov, Oleg"]
[Result "1/2-1/2"]
[WhiteElo "2117"]
[BlackElo "2361"]
[PlyCount "145"]
[EventDate "2009.06.09"]
[EventType "swiss"]
[EventRounds "9"]
[EventCountry "RUS"]
[SourceTitle "EXT 2011"]
[Source "ChessBase"]
[SourceDate "2010.11.26"]
[SourceVersion "1"]
[SourceVersionDate "2010.11.26"]
[SourceQuality "1"]

1. e4 e6 2. d4 d5 3. e5 b6 4. c3 Qd7 5. Nf3 Ne7 6. Bd3 Ba6 7. 0-0 Bxd3 8. Qxd3 Nbc6 9. b3 Ng6 10. a4 Be7 11. Ba3 0-0 12. Bxe7 Qxe7 13. Nbd2 Rad8 14. g3 f6 15. Rae1 fxe5 16. Nxe5 Ncxe5 17. dxe5 Qg5 18. Qe3 Qxe3 19. Rxe3 Ne7 20. f4 h6 21. Nf3 c5 22. Nh4 Rf7 23. Ref3 Rdf8 24. R1f2 g6 25. Kf1 Kg7 26. Ke1 Nc6 27. Kd2 g5 28. fxg5 hxg5 29. Rxf7+ Rxf7 30. Rxf7+ Kxf7 31. Nf3 g4 32. Ng5+ Ke7 33. Ke3 Nxe5 34. Kf4 Kd6 35. Nh7 a5 36. Nf6 c4 37. bxc4 Nxc4 38. Nxg4 b5 39. Nf2 bxa4 40. Nd3 a3 41. Nc1 e5+ 42. Kf3 Nd2+ 43. Ke2 Ne4 44. Kd3 Ke6 45. Kc2 Kf5 46. Kb3 Nd2+ 47. Kxa3 Nf1 48. Ka4 Nxh2 49. Kxa5 Nf1 50. Kb4 Nxg3 51. c4 d4 52. c5 e4 53. Kc4 Ke5 54. c6 Nf5 55. c7 Nd6+ 56. Kb3 Kf4 57. Kc2 Ke3 58. Kd1 d3 59. Nb3 Kf2 60. Nc5 Ke3 61. Nb3 Nc8 62. Ke1 Ne7 63. Kd1 Kf2 64. Nc5 Ke3 65. Nb3 Nc8 66. Ke1 Nd6 67. Kd1 Kf4 68. Kd2 Ke5 69. Nc5 Kd4 70. Ne6+ Kc4 71. Nf4 Nc8 72. Ne6 Ne7 73. Nf4 1/2-1/2

[Event "St Petersburg March op"]
[Site "St Petersburg"]
[Date "2009.04.02"]
[Round "4"]
[White "Gavrilov, Oleg"]
[Black "Kharitonov, Aleksandr"]
[Result "1-0"]
[WhiteElo "2370"]
[BlackElo "2180"]
[PlyCount "75"]
[EventDate "2009.03.30"]
[EventType "swiss"]
[EventRounds "9"]
[EventCountry "RUS"]
[SourceTitle "EXT 2012"]
[Source "ChessBase"]
[SourceDate "2011.11.24"]
[SourceVersion "1"]
[SourceVersionDate "2011.11.24"]
[SourceQuality "1"]

1. c4 Nf6 2. Nc3 c6 3. e4 d6 4. d4 g6 5. f3 Bg7 6. Be3 0-0 7. Qd2 e5 8. d5 cxd5 9. cxd5 Nbd7 10. Bd3 Nc5 11. Bc2 Ne8 12. Nge2 f5 13. exf5 gxf5 14. f4 exf4 15. Nxf4 Nf6 16. 0-0 Ng4 17. Bd4 Qb6 18. Nce2 Bd7 19. h3 Bxd4+ 20. Qxd4 Ne5 21. Kh2 Bb5 22. Rfe1 Rac8 23. a4 Bc4 24. Ra3 Rc7 25. Rg3+ Rg7 26. Rxg7+ Kxg7 27. Ng3 Kg8 28. Nxf5 Ncd7 29. Qxb6 axb6 30. b3 Rxf5 31. Bxf5 Bxb3 32. Bxd7 Nxd7 33. Re7 Nc5 34. g4 Bxa4 35. Ne6 b5 36. Rg7+ Kh8 37. Rf7 Nxe6 38. dxe6 1-0

[Event "St Petersburg March op"]
[Site "St Petersburg"]
[Date "2009.03.31"]
[Round "2"]
[White "Solovyov, Viktor"]
[Black "Gavrilov, Oleg"]
[Result "1-0"]
[WhiteElo "2194"]
[BlackElo "2370"]
[PlyCount "59"]
[EventDate "2009.03.30"]
[EventType "swiss"]
[EventRounds "9"]
[EventCountry "RUS"]
[SourceTitle "EXT 2012"]
[Source "ChessBase"]
[SourceDate "2011.11.24"]
[SourceVersion "1"]
[SourceVersionDate "2011.11.24"]
[SourceQuality "1"]

1. d4 e6 2. Nf3 Nf6 3. g3 b5 4. Bg2 Bb7 5. 0-0 Be7 6. b3 b4 7. c4 bxc3 8. Nxc3 0-0 9. Bb2 c5 10. dxc5 Bxc5 11. Rc1 Qe7 12. Qc2 Na6 13. Na4 Bb4 14. Bxf6 Qxf6 15. Ng5 Qxg5 16. Bxb7 Qb5 17. Bxa8 Rxa8 18. Qc4 Qb7 19. e4 d5 20. exd5 exd5 21. Qc6 Rb8 22. Qxb7 Rxb7 23. Rc8+ Bf8 24. Re1 f6 25. Ree8 Rf7 26. Nc5 Nxc5 27. Rxc5 d4 28. Rd5 g6 29. Rxd4 Kg7 30. Rdd8 1-0

[Event "St Petersburg op"]
[Site "St Petersburg"]
[Date "2009.01.06"]
[Round "4"]
[White "Kashtanov, Ruslan"]
[Black "Gavrilov, Oleg"]
[Result "1/2-1/2"]
[WhiteElo "2345"]
[BlackElo "2350"]
[PlyCount "61"]
[EventDate "2009.01.03"]
[EventType "swiss"]
[EventRounds "9"]
[EventCountry "RUS"]
[SourceTitle "EXT 2010"]
[Source "ChessBase"]
[SourceDate "2010.11.25"]
[SourceVersion "1"]
[SourceVersionDate "2010.11.25"]
[SourceQuality "1"]

1. c4 c5 2. Nf3 Nc6 3. d4 cxd4 4. Nxd4 g6 5. e4 Bg7 6. Nc2 Nf6 7. Nc3 0-0 8. Be2 d6 9. 0-0 a6 10. Be3 Be6 11. f3 Nd7 12. Qd2 Rc8 13. Na3 Qa5 14. Rac1 f5 15. exf5 gxf5 16. f4 Nf6 17. Kh1 Bf7 18. Nc2 d5 19. cxd5 Nxd5 20. Nxd5 Qxd2 21. Bxd2 Bxd5 22. b3 Rfd8 23. Be3 Bb2 24. Rb1 Bf6 25. Kg1 Be4 26. Rbc1 Bb2 27. Rb1 Bd4 28. Bc4+ Kf8 29. Nxd4 Nxd4 30. Rbd1 b5 31. Rxd4 1/2-1/2

[Event "St Petersburg op"]
[Site "St Petersburg"]
[Date "2009.01.05"]
[Round "3"]
[White "Gavrilov, Oleg"]
[Black "Nikitinyh, Boris Aleksandrovic"]
[Result "1-0"]
[WhiteElo "2350"]
[BlackElo "2217"]
[PlyCount "79"]
[EventDate "2009.01.03"]
[EventType "swiss"]
[EventRounds "9"]
[EventCountry "RUS"]
[SourceTitle "EXT 2010"]
[Source "ChessBase"]
[SourceDate "2010.11.25"]
[SourceVersion "1"]
[SourceVersionDate "2010.11.25"]
[SourceQuality "1"]

1. c4 e5 2. Nc3 Nc6 3. e3 d6 4. d4 exd4 5. exd4 Bf5 6. Nf3 Qd7 7. d5 Ne5 8. Nxe5 dxe5 9. Be3 Be7 10. c5 c6 11. h3 Nf6 12. g4 Bg6 13. Bg2 Nxd5 14. Nxd5 cxd5 15. Qxd5 Qxd5 16. Bxd5 0-0-0 17. 0-0-0 Rd7 18. b4 Rhd8 19. Bc4 Rxd1+ 20. Rxd1 Rxd1+ 21. Kxd1 Kc7 22. Kd2 b6 23. cxb6+ axb6 24. Kc3 f6 25. a4 Be4 26. a5 bxa5 27. bxa5 Kc6 28. a6 h6 29. Bd3 Bf3 30. Bf5 Bc5 31. a7 Kb6 32. Bxc5+ Kxc5 33. Kd3 Kb6 34. Be4 Bxe4+ 35. Kxe4 Kxa7 36. Kf5 Kb6 37. Kg6 Kc5 38. Kxg7 Kd4 39. Kxh6 e4 40. g5 1-0

[Event "Petrovskaya Ladya IM1"]
[Site "Peterhof"]
[Date "2007.08.11"]
[Round "11"]
[White "Gavrilov, Oleg"]
[Black "Kaliberda, Vladimir"]
[Result "1-0"]
[WhiteElo "2320"]
[BlackElo "2337"]
[PlyCount "57"]
[EventDate "2007.08.06"]
[EventType "tourn"]
[EventRounds "13"]
[EventCountry "RUS"]
[EventCategory "3"]
[SourceTitle "CBM 119 Extra"]
[Source "ChessBase"]
[SourceDate "2007.09.04"]
[SourceVersion "1"]
[SourceVersionDate "2007.09.04"]
[SourceQuality "1"]

1. d4 d5 2. Nf3 Nf6 3. c4 e6 4. Nc3 Be7 5. e3 0-0 6. b3 c6 7. Bd3 Nbd7 8. 0-0 b6 9. Bb2 Bb7 10. e4 dxe4 11. Nxe4 c5 12. Qe2 cxd4 13. Bxd4 Nc5 14. Nxc5 Bxc5 15. Bxc5 Bxf3 16. Qxf3 bxc5 17. a3 Qc7 18. b4 cxb4 19. axb4 h6 20. Ra6 Rab8 21. b5 Rfd8 22. Rfa1 Rb7 23. Bf1 Rd7 24. g3 Qe5 25. Rc1 Rbc7 26. Qa3 Ne4 27. Qe3 Qb2 28. b6 Rb7 29. bxa7 1-0

[Event "Petrovskaya Ladya IM1"]
[Site "Peterhof"]
[Date "2007.08.09"]
[Round "6"]
[White "Gavrilov, Oleg"]
[Black "Levin, Evgeny A"]
[Result "1/2-1/2"]
[WhiteElo "2320"]
[BlackElo "2421"]
[PlyCount "110"]
[EventDate "2007.08.06"]
[EventType "tourn"]
[EventRounds "13"]
[EventCountry "RUS"]
[EventCategory "3"]
[SourceTitle "CBM 119 Extra"]
[Source "ChessBase"]
[SourceDate "2007.09.04"]
[SourceVersion "1"]
[SourceVersionDate "2007.09.04"]
[SourceQuality "1"]

1. d4 Nf6 2. c4 g6 3. Nc3 Bg7 4. e4 d6 5. f3 0-0 6. Be3 e5 7. d5 c6 8. Qd2 cxd5 9. cxd5 a6 10. Bd3 Nh5 11. Nge2 f5 12. exf5 gxf5 13. f4 Nd7 14. 0-0 Qe8 15. fxe5 Nxe5 16. h3 Bd7 17. Nf4 Nxf4 18. Bxf4 Kh8 19. Rae1 Qg6 20. Re3 Bh6 21. Ne2 Rg8 22. Rg3 Bxf4 23. Qxf4 Qf7 24. Bxf5 Bb5 25. Rf2 Bxe2 26. Rxg8+ Rxg8 27. Rxe2 Rf8 28. Rf2 Qxd5 29. Qh6 Nf3+ 30. Rxf3 Rxf5 31. Rxf5 Qxf5 32. Qxd6 Qb1+ 33. Kh2 Qxa2 34. Qe5+ Kg8 35. Qb8+ Kg7 36. Qxb7+ Kg6 37. Qe4+ Kg7 38. Qd4+ Kg6 39. b4 Qa4 40. Qd6+ Kg7 41. Qe7+ Kg6 42. h4 Qa3 43. Qg5+ Kf7 44. Qf4+ Ke6 45. Qe4+ Kd6 46. Qxh7 Qxb4 47. Qh6+ Kd7 48. Qg7+ Qe7 49. Qg4+ Qe6 50. Qa4+ Ke7 51. Qc2 Qe5+ 52. g3 a5 53. Kg2 Qb5 54. Qe4+ Kd6 55. Qg6+ Ke7 1/2-1/2

[Event "Petrovskaya Ladya IM1"]
[Site "Peterhof"]
[Date "2007.08.08"]
[Round "4"]
[White "Gavrilov, Oleg"]
[Black "Rozum, Ivan"]
[Result "1/2-1/2"]
[WhiteElo "2320"]
[BlackElo "2354"]
[PlyCount "158"]
[EventDate "2007.08.06"]
[EventType "tourn"]
[EventRounds "13"]
[EventCountry "RUS"]
[EventCategory "3"]
[SourceTitle "CBM 119 Extra"]
[Source "ChessBase"]
[SourceDate "2007.09.04"]
[SourceVersion "1"]
[SourceVersionDate "2007.09.04"]
[SourceQuality "1"]

1. d4 Nf6 2. c4 c5 3. Nf3 cxd4 4. Nxd4 b6 5. f3 Bb7 6. Nc3 e6 7. e4 d6 8. Be3 Be7 9. Be2 0-0 10. 0-0 a6 11. Re1 Nbd7 12. Bf1 Qc7 13. Rc1 Rac8 14. Na4 Qb8 15. Qd2 Rfe8 16. Qf2 Bd8 17. b3 Bc7 18. Qh4 Kh8 19. Bf2 Rg8 20. Be3 Ne5 21. Nc3 Rce8 22. Rcd1 Ng6 23. Qh3 Bc8 24. g4 Bb7 25. g5 Nd7 26. Bd3 Ndf8 27. f4 e5 28. f5 exd4 29. fxg6 Nxg6 30. Bxd4 Qd8 31. Be3 b5 32. Nd5 Bxd5 33. exd5 Ba5 34. Re2 Bb6 35. Bxg6 fxg6 36. Qg3 Rxe3 37. Rxe3 Re8 38. Rdd3 Qe7 39. Kf2 Qe4 40. Ke2 Bxe3 41. Rxe3 Qc2+ 42. Kf1 Rf8+ 43. Rf3 Qb1+ 44. Kg2 Qe4 45. Kf2 Qc2+ 46. Kg1 Qd1+ 47. Kg2 Qe2+ 48. Qf2 Qe4 49. Kg3 Qe5+ 50. Kg4 Rg8 51. Qg3 h5+ 52. gxh6 Qh5+ 53. Kf4 Qxh6+ 54. Ke4 Re8+ 55. Kd3 bxc4+ 56. bxc4 Qc1 57. Re3 Qa3+ 58. Kd4 Qb2+ 59. Kd3 Qb1+ 60. Kc3 Qa1+ 61. Kd3 Qf1+ 62. Kd2 Rxe3 63. Kxe3 Qc1+ 64. Kd3 Qd1+ 65. Kc3 Qc1+ 66. Kb4 Qd2+ 67. Kb3 Qd1+ 68. Ka3 Qc1+ 69. Kb4 Qd2+ 70. Qc3 a5+ 71. Kb3 a4+ 72. Kb4 Qxa2 73. c5 dxc5+ 74. Kxc5 Qb3 75. Kd4 Qb6+ 76. Ke4 Qb1+ 77. Kd4 Qb6+ 78. Ke4 Qb1+ 79. Kd4 Qb6+ 1/2-1/2